Football on trial : spectator violence and development in the football world
Saved in:
| Main Author: | |
|---|---|
| Other Authors: | , |
| Format: | Book |
| Language: | English |
| Published: |
London :
Routledge,
c1990.
|
| Subjects: | |
| Tags: |
Add Tag
No Tags, Be the first to tag this record!
|
MARC
| LEADER | 00000nam a2200000 i 4500 | ||
|---|---|---|---|
| 001 | 1/25841 | ||
| 008 | 981209s1990 eng d | ||
| 020 | |a 0-415-05023-5 | ||
| 035 | |l 10037434 | ||
| 040 | |a GR-MY-UA |b gre |e aacr | ||
| 041 | 0 | |a eng | |
| 082 | 0 | |a 796.334 | |
| 100 | 1 | |a Murphy, Patrick |d 1943- | |
| 245 | 1 | 0 | |a Football on trial : |b spectator violence and development in the football world / |c Patrick Murphy; John Williams; Eric Dunnig. |
| 260 | |a London : |b Routledge, |c c1990. | ||
| 300 | |a 240 p. |b tabl. | ||
| 504 | |a Includes bibliographical references and index | ||
| 650 | 0 | 0 | |a Spectator control. |
| 650 | 0 | 0 | |a Soccer fans. |
| 650 | 0 | 0 | |a Soccer |x Social aspects. |
| 650 | 0 | 0 | |a Hoodlums |x Public opinion. |
| 650 | 0 | 0 | |a Soccer hooliganism. |
| 700 | 1 | |a Williams, John M. | |
| 700 | 1 | |a Dunning, Eric. | |
| 852 | |a INST |b LESVOS |e 19981209 |h 796.334 MUR |p 005100017603 |q 005100017603 |t BK |y 0 | ||
| 901 | |a BIBL-1999-1 | ||
| 909 | |a Λ |b 060751 | ||
| 922 | |a 1ΕΛΗ |b 199811 |c ΚΠΣ/ΤΚ |d ΠΑΠΑΣΩΤΗΡΙΟΥ | ||
| 950 | |a 103-1998-07-27 | ||